Vocabulaire Anglais #4 - Cliquez sur l'image - Statistiques

Statistiques générales
  • Ce quiz a été pris 3 206 fois
  • Le résultat moyen est 20 sur 24
Réponses sur la Carte
Les réponses sont colorées sur une échelle allant du rouge au vert en fonction du pourcentage des utilisateurs qui les ont devinées à leur premier essai. Vous pouvez retrouver ces pourcentages ci-dessous.
 
Statistiques - réponses
Réponse % Correct
A carrot
93%
A potato
93%
A star
93%
A tiger
93%
A tomato
93%
Socks
92%
An ear
91%
A chili pepper
90%
A paperclip
90%
A lollipop
89%
A wastepaper basket
89%
A cap
88%
A truck (US) / A lorry (UK)
88%
A rocket
87%
A turkey
85%
A swan
81%
A shield
78%
A deer
77%
An earthworm
75%
A shrimp
75%
A hedgehog
69%
A broom
68%
A needle
68%
A wrench
61%
Aucun quiz correspondant
Distribution des résultats
% des personnes avec chaque résultat
Percentile par nombre de réponses
Votre historique - résultats
Vous n’avez pas pris ce quiz